F1 - 2017 Season - Statistics

General Stats
  • This quiz has been taken 14 times
  • The average score is 82 of 137
Answer Stats
Hint Answer % Correct
Lewis Hamilton
92%
44
83%
Circuit de Barcelona-Catalunya
83%
Circuit de Spa-Francorchamps
83%
Ferrari
83%
Mercedes
83%
Red Bull Racing
83%
Renault
83%
Toto Wolff
83%
10
75%
11
75%
14
75%
2
75%
7
75%
Abu Dhabi Grand Prix
75%
2017 Calendar Albert Park Grand Prix Circuit
75%
Australia
75%
2017 Teams Australian Grand Prix
75%
Austrian Grand Prix
75%
Bahrain Grand Prix
75%
Bahrain International Circuit
75%
Baku City Circuit
75%
Belgian Grand Prix
75%
Belgium
75%
Brazilian Grand Prix
75%
British Grand Prix
75%
Canadian Grand Prix
75%
Chinese Grand Prix
75%
Christian Horner
75%
Claire Williams
75%
Daniel Ricciardo
75%
Hungarian Grand Prix
75%
Hungaroring
75%
Marina Bay Street Circuit
75%
McLaren
75%
Mexican Grand Prix
75%
Mexico
75%
Red Bull Ring
75%
Sebastian Vettel
75%
Shanghai International Circuit
75%
Silverstone Circuit
75%
Singapore Grand Prix
75%
Sochi Autodrom
75%
Spanish Grand Prix
75%
UK
75%
Valtteri Bottas
75%
Williams
75%
Yas Marina Circuit
75%
18
67%
3
67%
33
67%
5
67%
55
67%
77
67%
8
67%
Autódromo Hermanos Rodríguez
67%
Autódromo José Carlos Pace
67%
Autodromo Nazionale Monza
67%
Azerbaijan Grand Prix
67%
Brazil
67%
Canada
67%
Carlos Sainz
67%
Circuit de Monaco
67%
Circuit Gilles-Villeneuve
67%
Esteban Ocon
67%
Fernando Alonso
67%
Force India
67%
France
67%
Germany
67%
Haas
67%
Italian Grand Prix
67%
Italy
67%
Japanese Grand Prix
67%
Kimi Räikkönen
67%
Lance Stroll
67%
Malaysian Grand Prix
67%
Max Verstappen
67%
Monaco Grand Prix
67%
Netherlands
67%
Russia
67%
Russian Grand Prix
67%
Sepang International Circuit
67%
Sergio Pérez
67%
Spain
67%
Suzuka Circuit
67%
Toro Rosso
67%
United States Grand Prix
67%
19
58%
22
58%
27
58%
31
58%
9
58%
Circuit of the Americas
58%
Finland
58%
Nico Hülkenberg
58%
Romain Grosjean
58%
Sauber
58%
20
50%
30
50%
94
50%
Denmark
50%
Felipe Massa
50%
Guenther Steiner
50%
Jenson Button
50%
Kevin Magnussen
50%
Pierre Gasly
50%
26
42%
28
42%
36
42%
40
42%
Antonio Giovinazzi
42%
Daniil Kvyat
42%
Honda
42%
Jolyon Palmer
42%
Brendon Hartley
33%
Franz Tost
33%
Frédéric Vasseur/Cyril Abiteboul
33%
Marcus Ericsson
33%
Maurizio Arrivabene
33%
Monisha Kaltenborn/Frédéric Vasseur
33%
New Zealand
33%
Stoffel Vandoorne
33%
Sweden
33%
Éric Boullier
25%
Pascal Wehrlein
25%
Paul di Resta
25%
FW40
17%
MCL32
17%
RB13
17%
RS17
17%
Vijay Mallya
17%
W08
17%
C36
8%
SF70H
8%
STR12
8%
VF-17
8%
VJM10
8%
No matching quizzes found
Score Distribution
Percent of People with Each Score
Percentile by Number Answered
Your Score History
You have not taken this quiz